| 000 | 00779nam a22001577a 4500 | ||
|---|---|---|---|
| 003 | OSt | ||
| 005 | 20151026155043.0 | ||
| 008 | 151026b xxu||||| |||| 00| 0 eng d | ||
| 040 | _cRUA | ||
| 082 | _aAVM MAK 2003 B112 Or.1 | ||
| 100 |
_92930 _aMAK CHANTHOL |
||
| 245 | _aSurvey on sow raising providing of kitchen's waste in pig farm at prek liep national school of agriculture, (ការអង្កេតលើការចិញ្ចឹមជ្រូកមេដោយផ្ដល់ចំណីកាកសំណល់ផ្ទះបាយ នៅស្ថានីយ៍ចិញ្ចឹមជ្រូក សាលាជាតិកសិកម្មព្រែកលៀប) | ||
| 260 |
_aPhnom Penh _bRua _c2003 |
||
| 300 |
_aix; 34p. _bill. _c29cm. |
||
| 942 |
_2ddc _cVTF` |
||
| 999 |
_c2747 _d2747 |
||